[Event "Barcelona Sant Marti op 8th"]
[Site "Barcelona"]
[Date "2019.01.24"]
[Round "2"]
[White "Leon Brazao, Christian"]
[Black "Subirana Santos, Marc"]
[Result "1/2-1/2"]
[WhiteElo "1700"]
[BlackElo "1640"]
[PlyCount "112"]
[EventDate "2019.01.17"]
[EventType "swiss"]
[EventRounds "9"]
[EventCountry "ESP"]
[SourceTitle "CBM 189 Extra"]
[Source "ChessBase"]
[SourceDate "2019.06.03"]
[SourceVersion "1"]
[SourceVersionDate "2019.06.03"]
[SourceQuality "1"]

1. c4 Nf6 2. Nc3 g6 3. g3 Bg7 4. Bg2 0-0 5. Nf3 d6 6. 0-0 Nbd7 7. d4 c6 8. Rb1 e5 9. dxe5 dxe5 10. Bg5 h6 11. Bd2 Qc7 12. Qc1 Kh7 13. Rd1 Nc5 14. b4 Nce4 15. Nxe4 Nxe4 16. Be1 Bf5 17. Nh4 Nd6 18. c5 Nb5 19. Nxf5 gxf5 20. e3 Qe7 21. a4 Nc7 22. Bc3 Rad8 23. Qc2 e4 24. Bxg7 Kxg7 25. Bh3 Qf6 26. Qe2 Nd5 27. Qh5 Ne7 28. b5 Rd5 29. Rxd5 cxd5 30. c6 bxc6 31. bxc6 Qxc6 32. Bxf5 Qxa4 33. Qg4+ Ng6 34. h4 Kh8 35. Bxg6 Rg8 36. Qh5 Rxg6 37. Qxd5 Qe8 38. Rb7 Kg7 39. Rxa7 Qe6 40. Qxe6 Rxe6 41. Kg2 Kg6 42. g4 f5 43. gxf5+ Kxf5 44. Kg3 Rg6+ 45. Kh3 Rg1 46. Ra5+ Kg6 47. h5+ Kf6 48. Kh2 Rg5 49. Ra6+ Kg7 50. Re6 Rxh5+ 51. Kg3 Rg5+ 52. Kf4 Rg2 53. f3 exf3 54. Kxf3 Rg6 55. Re5 Kf6 56. Kf4 Rg4+ 1/2-1/2